000 00682nam a2200289Ia 4500
005 20260324133544.0
008 008 260324s9999 xx 000 0 eng d
020 _a9781315701004
037 _aEBOOK
040 _aCRL
040 _beng
040 _cCRL
041 _2eng
041 _aeng
084 _qCRL
100 _aRussell Bova
_91193531
245 0 _aRussia and Western Civilization
245 0 _bCutural and Historical Encounters
260 _bTaylor and Francis
260 _c2003
365 _a
365 _b255
856 _uhttp://www.taylorfrancis.com/books/9781315701004
942 _cEBOOK
999 _c1792685
_d1792685